Statystyki dla Państwa w języku czeskim

Kliknij tutaj aby rozwiązać quiz!

Ogólne statystyki

  • Ten quiz został rozwiązany 678 razy
  • Średni wynik to 15 z 18

Statystyki odpowiedzi

CzechPolskie% Poprawnych
ChorvatskoChorwacja
99%
Česká republikaCzechy
99%
NěmeckoNiemcy
99%
PolskoPolska
99%
SrbskoSerbia
99%
TureckoTurcja
99%
FinskoFinlandia
98%
SlovenskoSłowacja
98%
Severní KoreaKorea Północna
97%
DánštinaDania
95%
ŠpanělskoHiszpania
88%
Jižní SúdánSudan Południowy
88%
ŠvýcarskoSzwajcaria
81%
Spojené státyStany Zjednoczone
75%
Černá HoraCzarnogóra
74%
Spojené královstvíWielka Brytania
63%
MaďarskoWęgry
51%
RakouskoAustria
19%

Rozkład punktacji

Percentyl według liczby udzielonych odpowiedzi

Procent ludzi z każdym wynikiem

Twoja historia wyników

Nie rozwiązałeś tego quizu